|
|
|
|
| LEADER |
01631nam a2200421 a 4500 |
| 001 |
EBC744112 |
| 003 |
MiAaPQ |
| 005 |
20200520144314.0 |
| 006 |
m o d | |
| 007 |
cr cn||||||||| |
| 008 |
110408s2011 dcuad sb 001 0 eng d |
| 010 |
|
|
|z 2011014920
|
| 020 |
|
|
|z 9780821386439
|
| 020 |
|
|
|a 9780821386446 (electronic bk.)
|
| 035 |
|
|
|a (MiAaPQ)EBC744112
|
| 035 |
|
|
|a (Au-PeEL)EBL744112
|
| 035 |
|
|
|a (CaPaEBR)ebr10506414
|
| 035 |
|
|
|a (OCoLC)745866893
|
| 040 |
|
|
|a MiAaPQ
|c MiAaPQ
|d MiAaPQ
|
| 043 |
|
|
|a d------
|
| 050 |
|
4 |
|a HF1413
|b .P69 2011
|
| 082 |
0 |
4 |
|a 382/.9091724
|2 22
|
| 245 |
0 |
0 |
|a Preferential trade agreement policies for development
|h [electronic resource] :
|b a handbook /
|c Jean-Pierre Chauffour and Jean-Christophe Maur, editors.
|
| 260 |
|
|
|a Washington, D.C. :
|b World Bank,
|c 2011.
|
| 300 |
|
|
|a xx, 511 p. :
|b ill.
|
| 504 |
|
|
|a Includes bibliographical references and index.
|
| 533 |
|
|
|a Electronic reproduction. Ann Arbor, MI : ProQuest, 2015. Available via World Wide Web. Access may be limited to ProQuest affiliated libraries.
|
| 650 |
|
0 |
|a Tariff preferences
|z Developing countries.
|
| 650 |
|
0 |
|a Free trade
|z Developing countries.
|
| 650 |
|
0 |
|a Economic development
|z Developing countries.
|
| 651 |
|
0 |
|a Developing countries
|x Commercial policy.
|
| 651 |
|
0 |
|a Developing countries
|x Foreign economic relations.
|
| 655 |
|
4 |
|a Electronic books.
|
| 700 |
1 |
|
|a Chauffour, Jean-Pierre.
|
| 700 |
1 |
|
|a Maur, Jean-Christophe.
|
| 710 |
2 |
|
|a World Bank.
|
| 710 |
2 |
|
|a ProQuest (Firm)
|
| 856 |
4 |
0 |
|u https://ebookcentral.proquest.com/lib/matrademy/detail.action?docID=744112
|z Click to View
|